Price deficiency payments and minimum support prices: (Record no. 506416)

000 -LEADER
fixed length control field 00504nam a2200169Ia 4500
008 - FIXED-LENGTH DATA ELEMENTS--GENERAL INFORMATION
fixed length control field 181130s2018 xx 000 0 und d
100 ## - MAIN ENTRY--PERSONAL NAME
Personal name Haque, T.
245 ## - TITLE STATEMENT
Title Price deficiency payments and minimum support prices:
Remainder of title a study of selected crops in India
260 ## - PUBLICATION, DISTRIBUTION, ETC.
Date of publication, distribution, etc. 2018
300 ## - PHYSICAL DESCRIPTION
Extent p.53-60.
504 ## - BIBLIOGRAPHY, ETC. NOTE
-- 19-May
650 ## - SUBJECT ADDED ENTRY--TOPICAL TERM
Topical term or geographic name entry element Agricultural prices
650 ## - SUBJECT ADDED ENTRY--TOPICAL TERM
Topical term or geographic name entry element Agricultural prices - India
700 ## - ADDED ENTRY--PERSONAL NAME
Personal name Joshi, P.K.
773 ## - HOST ITEM ENTRY
Main entry heading Economic and Political Weekly
906 ## - LOCAL DATA ELEMENT F, LDF (RLIN)
a Agricultural prices
Holdings
Withdrawn status Lost status Damaged status Not for loan Permanent Location Current Location Date acquired Serial Enumeration / chronology Barcode Date last seen Price effective from Koha item type
        Indian Institute of Public Administration Indian Institute of Public Administration 2018-12-07 53(20), 19-May, 2018: p.53-60. AR118211 2018-12-07 2018-12-07 Articles

Powered by Koha